[Event "Cheliabinsk (Women)"]
[Site "Cheliabinsk"]
[Date "2018.12.13"]
[Round "6"]
[White "Vinokur, Yuliya"]
[Black "Eidelson, Rakhil"]
[Result "1-0"]
[WhiteElo "2170"]
[BlackElo "2086"]
[PlyCount "154"]
[EventDate "2018.12.08"]
[EventType "tourn"]
[EventRounds "9"]
[EventCountry "RUS"]
[SourceTitle "CBM 187 Extra"]
[Source "ChessBase"]
[SourceDate "2018.11.04"]
[SourceVersion "1"]
[SourceVersionDate "2018.11.04"]
[SourceQuality "1"]

1. d4 Nf6 2. c4 g6 3. Nc3 Bg7 4. e4 d6 5. Be2 0-0 6. Nf3 Nbd7 7. 0-0 e5 8. Re1 Re8 9. Bf1 exd4 10. Nxd4 Nc5 11. f3 c6 12. Be3 Ne6 13. Nc2 Qe7 14. Qd2 Qf8 15. Rad1 Rd8 16. Bf2 Nh5 17. g3 h6 18. f4 Nf6 19. Ne3 Qe7 20. Bg2 Bf8 21. Ned5 cxd5 22. exd5 Qc7 23. dxe6 Bxe6 24. b3 Bg4 25. Rc1 Qd7 26. Bd4 Bg7 27. Qb2 Kh7 28. Qf2 Be6 29. Rcd1 Rac8 30. Bxa7 Ng4 31. Qd2 h5 32. Bb6 Re8 33. Ne4 d5 34. cxd5 Bf5 35. Ng5+ Kg8 36. Rxe8+ Rxe8 37. h3 Nf6 38. Bd4 Qb5 39. Be5 Rc8 40. Qd4 Rc2 41. Bf1 Qc5 42. Qxc5 Rxc5 43. Bc4 Nd7 44. d6 Bxe5 45. Bxf7+ Kg7 46. fxe5 Rxe5 47. Bc4 b5 48. Bf1 b4 49. Bc4 Re3 50. Kf2 Re5 51. Nf3 Ra5 52. Rd2 Bxh3 53. Re2 Bg4 54. Re7+ Kh6 55. Ke3 Rxa2 56. Nd2 Ra1 57. Ne4 Bf5 58. Nd2 Ra5 59. Kd4 Nf6 60. Rf7 Nd7 61. Nf3 g5 62. Re7 Kg6 63. Bf7+ Kf6 64. Bxh5 Nb6 65. Rf7+ Ke6 66. Nxg5+ Kxd6 67. Rf6+ Kc7 68. Bf7 Nd7 69. Rh6 Ra1 70. Ne6+ Bxe6 71. Bxe6 Rd1+ 72. Kc4 Ne5+ 73. Kxb4 Rd3 74. g4 Nxg4 75. Rh7+ Kb6 76. Bf5 Rd4+ 77. Kc3 Rf4 1-0

[Event "RUS-chT rapid (Women)"]
[Site "Sochi"]
[Date "2018.10.09"]
[Round "6.1"]
[White "Vinokur, Yuliya"]
[Black "Girya, Olga"]
[Result "0-1"]
[WhiteElo "2170"]
[BlackElo "2479"]
[PlyCount "84"]
[EventDate "2018.10.08"]
[EventType "team-tourn (rapid)"]
[EventRounds "9"]
[EventCountry "RUS"]
[SourceTitle "CBM 186 Extra"]
[Source "ChessBase"]
[SourceDate "2018.08.24"]
[SourceVersion "1"]
[SourceVersionDate "2018.08.24"]
[SourceQuality "1"]
[WhiteTeam "Yuzhnyy Ural (W)"]
[BlackTeam "Yugra (W)"]
[WhiteTeamCountry "RUS"]
[BlackTeamCountry "RUS"]

1. d4 d5 2. c4 c6 3. Nf3 Nf6 4. Qc2 dxc4 5. Qxc4 Bg4 6. Nbd2 e6 7. g3 Nbd7 8. Bg2 Be7 9. 0-0 0-0 10. Qb3 Nb6 11. Nc4 Bxf3 12. Bxf3 Qxd4 13. Na5 Qd7 14. Bf4 Rad8 15. Rac1 Nfd5 16. Be5 Bb4 17. Bxd5 Nxd5 18. Nxb7 Qxb7 19. a3 Qb5 20. axb4 Qxe2 21. Bd4 Rb8 22. Bc5 Rfc8 23. Ra1 a6 24. Ra4 Qb5 25. Qa3 h5 26. h4 Qc4 27. Qa1 Ra8 28. Rc1 Qe2 29. Re1 Qb5 30. Ra5 Qb7 31. Qa3 Rd8 32. Ra1 Nc7 33. Qf3 Rd5 34. Qf4 Rad8 35. Be7 Rxa5 36. Rxa5 Nd5 37. Rxd5 Rxd5 38. Bc5 Qd7 39. Kh2 Rd1 40. Qf3 Qd5 41. Qxd5 cxd5 42. Kg2 Rd2 0-1

[Event "RUS-chT rapid (Women)"]
[Site "Sochi"]
[Date "2018.10.09"]
[Round "8.2"]
[White "Vinokur, Yuliya"]
[Black "Voit, Daria"]
[Result "0-1"]
[WhiteElo "2170"]
[BlackElo "2352"]
[PlyCount "86"]
[EventDate "2018.10.08"]
[EventType "team-tourn (rapid)"]
[EventRounds "9"]
[EventCountry "RUS"]
[SourceTitle "CBM 186 Extra"]
[Source "ChessBase"]
[SourceDate "2018.08.24"]
[SourceVersion "1"]
[SourceVersionDate "2018.08.24"]
[SourceQuality "1"]
[WhiteTeam "Yuzhnyy Ural (W)"]
[BlackTeam "Moscow Legacy Square (W)"]
[WhiteTeamCountry "RUS"]
[BlackTeamCountry "RUS"]

1. d4 Nf6 2. c4 e6 3. g3 Bb4+ 4. Nd2 0-0 5. Bg2 d5 6. Ngf3 b6 7. 0-0 Bb7 8. Ne5 Nfd7 9. Nd3 Bd6 10. e4 dxc4 11. Nxc4 Be7 12. Be3 Nf6 13. e5 Nd5 14. Bd2 Nd7 15. Qg4 Kh8 16. Nf4 c5 17. Nh5 Rg8 18. Rad1 cxd4 19. Qxd4 Rc8 20. b3 Qc7 21. Nf4 Bc5 22. Qb2 Nxf4 23. Bxf4 Bxg2 24. Kxg2 Rgd8 25. Bg5 Re8 26. Nd6 Bxd6 27. Rxd6 h6 28. Bf4 Nf8 29. Kg1 Ng6 30. Rc1 Qb7 31. Qd2 Rxc1+ 32. Qxc1 Rc8 33. Qd2 Kh7 34. Rd8 Nxf4 35. gxf4 Rc7 36. Qd3+ g6 37. Qd2 Kg7 38. Rd3 Qe4 39. f3 Qc6 40. Kg2 Qc2 41. Kg3 Qb1 42. Re3 Rc2 43. Re1 Qxa2 0-1

[Event "RUS-ch blitz (Women)"]
[Site "Sochi"]
[Date "2018.10.07"]
[Round "16.6"]
[White "Charochkina, Daria"]
[Black "Vinokur, Yuliya"]
[Result "1-0"]
[WhiteElo "2344"]
[BlackElo "2170"]
[PlyCount "53"]
[EventDate "2018.10.07"]
[EventType "swiss (blitz)"]
[EventRounds "20"]
[EventCountry "RUS"]
[SourceTitle "CBM 186 Extra"]
[Source "ChessBase"]
[SourceDate "2018.08.24"]
[SourceVersion "1"]
[SourceVersionDate "2018.08.24"]
[SourceQuality "1"]

1. d4 d5 2. c4 e6 3. Nc3 c5 4. cxd5 exd5 5. Nf3 Nc6 6. g3 Nf6 7. Bg2 Be7 8. 0-0 0-0 9. Bg5 c4 10. Rc1 h6 11. Bf4 Be6 12. Re1 Qa5 13. a3 b5 14. Ne5 Qb6 15. Nxc6 Qxc6 16. Be5 Ne4 17. Bxe4 dxe4 18. d5 Qc5 19. Bd4 Qd6 20. dxe6 Qxe6 21. Nxb5 Rad8 22. e3 Qh3 23. Nc3 Bf6 24. Qe2 Bxd4 25. exd4 Rxd4 26. Nxe4 Rfd8 27. Rcd1 1-0

[Event "RUS-ch blitz (Women)"]
[Site "Sochi"]
[Date "2018.10.07"]
[Round "18.10"]
[White "Gritsayeva, Oksana"]
[Black "Vinokur, Yuliya"]
[Result "0-1"]
[WhiteElo "2378"]
[BlackElo "2170"]
[PlyCount "101"]
[EventDate "2018.10.07"]
[EventType "swiss (blitz)"]
[EventRounds "20"]
[EventCountry "RUS"]
[SourceTitle "CBM 186 Extra"]
[Source "ChessBase"]
[SourceDate "2018.08.24"]
[SourceVersion "1"]
[SourceVersionDate "2018.08.24"]
[SourceQuality "1"]

1. e4 Nf6 2. e5 Nd5 3. d4 d6 4. Nf3 Bg4 5. Be2 e6 6. c4 Nb6 7. exd6 cxd6 8. 0-0 Be7 9. h3 Bh5 10. Nc3 0-0 11. Be3 d5 12. b3 Nc6 13. c5 Nc8 14. Rb1 Bxf3 15. Bxf3 Bf6 16. b4 N8e7 17. Qd3 Nf5 18. Ne2 g6 19. g3 Bg7 20. Bg2 Qf6 21. Rfd1 Rad8 22. Qd2 h6 23. b5 Nce7 24. Bf4 g5 25. Be5 Qg6 26. Bxg7 Qxg7 27. Rdc1 e5 28. dxe5 Qxe5 29. Rd1 Rc8 30. Rbc1 Rfd8 31. Nd4 Qf6 32. Qd3 a6 33. a4 axb5 34. axb5 Rc7 35. b6 Rcd7 36. Rd2 Nxd4 37. Qxd4 Qc6 38. h4 Nf5 39. Qd3 Ng7 40. hxg5 hxg5 41. Bf3 Ne6 42. Kg2 Qa4 43. Qe3 d4 44. Qe5 Nf8 45. Qxg5+ Ng6 46. Be4 d3 47. Bxg6 fxg6 48. Qxg6+ Rg7 49. Qe6+ Rf7 50. Rcd1 Qd4 51. Qe3 0-1

[Event "RUS-ch blitz (Women)"]
[Site "Sochi"]
[Date "2018.10.07"]
[Round "11.2"]
[White "Vinokur, Yuliya"]
[Black "Bodnaruk, Anastasia"]
[Result "0-1"]
[WhiteElo "2170"]
[BlackElo "2423"]
[PlyCount "60"]
[EventDate "2018.10.07"]
[EventType "swiss (blitz)"]
[EventRounds "20"]
[EventCountry "RUS"]
[SourceTitle "CBM 186 Extra"]
[Source "ChessBase"]
[SourceDate "2018.08.24"]
[SourceVersion "1"]
[SourceVersionDate "2018.08.24"]
[SourceQuality "1"]

1. d4 Nf6 2. c4 g6 3. Nc3 Bg7 4. e4 d6 5. Nf3 0-0 6. Be2 e5 7. d5 a5 8. Bg5 h6 9. Bh4 Na6 10. Nd2 Qe8 11. 0-0 Nh7 12. Rb1 f5 13. f3 h5 14. a3 Bh6 15. Bf2 a4 16. b4 axb3 17. Nxb3 b6 18. Nb5 Nf6 19. Qc2 f4 20. a4 g5 21. a5 bxa5 22. Nxa5 Qg6 23. Nc6 Kh8 24. Ne7 Qg7 25. Nxc8 Raxc8 26. c5 g4 27. Kh1 g3 28. Bg1 gxh2 29. Bf2 Rg8 30. g3 fxg3 0-1

[Event "RUS-ch blitz (Women)"]
[Site "Sochi"]
[Date "2018.10.07"]
[Round "17.10"]
[White "Vinokur, Yuliya"]
[Black "Gritsayeva, Oksana"]
[Result "0-1"]
[WhiteElo "2170"]
[BlackElo "2378"]
[PlyCount "56"]
[EventDate "2018.10.07"]
[EventType "swiss (blitz)"]
[EventRounds "20"]
[EventCountry "RUS"]
[SourceTitle "CBM 186 Extra"]
[Source "ChessBase"]
[SourceDate "2018.08.24"]
[SourceVersion "1"]
[SourceVersionDate "2018.08.24"]
[SourceQuality "1"]

1. d4 Nf6 2. c4 e6 3. g3 c5 4. d5 exd5 5. cxd5 b5 6. Bg2 d6 7. a4 b4 8. Nf3 Be7 9. 0-0 a5 10. Nbd2 Nbd7 11. Nc4 Nb6 12. Nxb6 Qxb6 13. Nd2 Ba6 14. Qc2 0-0 15. Nc4 Qc7 16. b3 Nd7 17. Bb2 Bf6 18. Bxf6 Nxf6 19. Rac1 Rfe8 20. Rfe1 Re7 21. e4 Rae8 22. f4 Nxd5 23. e5 Bxc4 24. Qxc4 Nc3 25. Bd5 dxe5 26. fxe5 Rxe5 27. Rxe5 Rxe5 28. Bg2 Ne2+ 0-1

[Event "RUS-ch blitz (Women)"]
[Site "Sochi"]
[Date "2018.10.07"]
[Round "7.3"]
[White "Vinokur, Yuliya"]
[Black "Khlichkova, Tatiana"]
[Result "1-0"]
[WhiteElo "2170"]
[BlackElo "2270"]
[PlyCount "125"]
[EventDate "2018.10.07"]
[EventType "swiss (blitz)"]
[EventRounds "20"]
[EventCountry "RUS"]
[SourceTitle "CBM 186 Extra"]
[Source "ChessBase"]
[SourceDate "2018.08.24"]
[SourceVersion "1"]
[SourceVersionDate "2018.08.24"]
[SourceQuality "1"]

1. d4 d5 2. c4 c6 3. Nf3 Nf6 4. Qc2 g6 5. Bf4 Bg7 6. e3 Bf5 7. Qb3 Qb6 8. Nc3 Nbd7 9. c5 Qxb3 10. axb3 0-0 11. b4 a6 12. h3 h6 13. Be2 Ne4 14. Na4 g5 15. Bh2 Rfe8 16. g4 Bg6 17. 0-0 f5 18. gxf5 Bxf5 19. Kg2 Kh7 20. Ne5 Nxe5 21. dxe5 a5 22. Nb6 Ra7 23. f3 Nd2 24. Rfd1 Nb3 25. Ra3 a4 26. Nxa4 Rea8 27. Rxb3 Rxa4 28. Bd3 Bxd3 29. Rdxd3 Ra1 30. b5 Rc1 31. bxc6 bxc6 32. Rdc3 Rd1 33. Rc2 Re1 34. Bg3 Rd1 35. Rb7 Bf8 36. Rb6 Raa1 37. Bf2 Bg7 38. f4 d4 39. exd4 gxf4 40. Rxc6 Kg8 41. Rb6 Rac1 42. Rxc1 Rxc1 43. Rb3 Kf7 44. Kf3 h5 45. Kxf4 Rf1 46. Kf3 Ke6 47. Rc3 Bh6 48. Ke2 Rb1 49. Rc2 Kd7 50. Be3 Bg7 51. c6+ Kc7 52. e6 Rh1 53. Bf4+ Kc8 54. d5 Rg1 55. Kd3 Rf1 56. Be3 Rd1+ 57. Ke4 Rf1 58. d6 Bf6 59. d7+ Kc7 60. Bb6+ Kxb6 61. d8Q+ Kb5 62. Qd3+ Kb6 63. Qxf1 1-0